[Event "Hastings Masters"]
[Site "Hastings, England"]
[Date "2014.12.31"
[Round "3.21"]
[White "Taylor, Adam C"]
[WhiteElo "2056"]
[Black "Longson, Alexander"]
[BlackElo "2339"]
[Result "1/2-1/2"]

1. Nf3 {[%clk 1:40:55]} d5 {[%clk 1:40:37]} 2. d4 {[%clk 1:41:17]} Nf6
{[%clk 1:40:07]} 3. c4 {[%clk 1:41:36]} e6 {[%clk 1:38:51]} 4. g3
{[%clk 1:41:36]} Be7 {[%clk 1:39:02]} 5. Bg2 {[%clk 1:42:01]} O-O
{[%clk 1:39:03]} 6. O-O {[%clk 1:42:25]} dxc4 {[%clk 1:39:06]} 7. Ne5
{[%clk 1:41:59]} Nc6 {[%clk 1:38:22]} 8. Bxc6 {[%clk 1:41:57]} bxc6
{[%clk 1:38:47]} 9. Nxc6 {[%clk 1:42:21]} Qe8 {[%clk 1:39:09]} 10. Nxe7+
{[%clk 1:42:34]} Qxe7 {[%clk 1:39:28]} 11. Qa4 {[%clk 1:42:40]} e5
{[%clk 1:36:59]} 12. dxe5 {[%clk 1:42:39]} Qxe5 {[%clk 1:37:22]} 13. Qxc4
{[%clk 1:42:58]} Be6 {[%clk 1:37:28]} 14. Qc2 {[%clk 1:43:22]} Bf5
{[%clk 1:37:32]} 15. Qd2 {[%clk 1:43:40]} Rfe8 {[%clk 1:25:50]} 16. Re1
{[%clk 1:43:43]} Bg4 {[%clk 1:21:13]} 17. Nc3 {[%clk 1:44:07]} Ne4
{[%clk 1:20:40]} 18. Nxe4 {[%clk 1:44:33]} Qxe4 {[%clk 1:21:04]} 19. Qc3
{[%clk 1:40:41]} Bxe2 {[%clk 1:08:46]} 20. Be3 {[%clk 1:40:59]} Qg4
{[%clk 1:02:06]} 21. h3 {[%clk 1:20:49]} Qh5 {[%clk 0:56:21]} 22. Qxc7
{[%clk 0:51:09]} Bf3 {[%clk 0:49:10]} 23. h4 {[%clk 0:40:54]} h6 {[%clk 0:30:43]}
24. Bxa7 {[%clk 0:28:17]} Rec8 {[%clk 0:18:35]} 25. Qe7 {[%clk 0:26:15]} Bc6
{[%clk 0:14:37]} 26. Kh2 {[%clk 0:22:07]} Qf3 {[%clk 0:11:41]} 27. Rg1
{[%clk 0:22:36]} Re8 {[%clk 0:11:20]} 28. Qc7 {[%clk 0:21:20]} Re2
{[%clk 0:05:36]} 29. Bb6 {[%clk 0:11:36]} Rxb2 {[%clk 0:05:01]} 30. Bd4
{[%clk 0:08:16]} Rd2 {[%clk 0:02:35]} 31. Qe5 {[%clk 0:08:18]} f6
{[%clk 0:01:15]} 32. Qe3 {[%clk 0:08:39]} Qxe3 {[%clk 0:01:22]} 33. Bxe3
{[%clk 0:09:08]} Rdxa2 {[%clk 0:01:44]} 34. Rxa2 {[%clk 0:08:55]} Rxa2
{[%clk 0:02:10]} 35. g4 {[%clk 0:07:07]} Ra4 {[%clk 0:02:01]} 36. Kg3
{[%clk 0:06:26]} Bd7 {[%clk 0:01:57]} 37. f3 {[%clk 0:04:35]} Ra3
{[%clk 0:01:49]} 38. Kf2 {[%clk 0:02:55]} Ra2+ {[%clk 0:01:49]} 39. Kg3
{[%clk 0:03:17]} Ra3 {[%clk 0:02:15]} 40. Kf2 {[%clk 0:03:25]} Kf7
{[%clk 0:01:59]} 41. Rd1 {[%clk 0:03:23]} Ra2+ {[%clk 0:50:02]} 1/2-1/2

[Event "Hastings Masters"]
[Site "Hastings, England"]
[Date "2014.12.31"
[Round "3.22"]
[White "Larsen, Andreas"]
[WhiteElo "2010"]
[Black "Kirk, Ezra"]
[BlackElo "2308"]
[Result "0-1"]

1. d4 {[%clk 1:40:47]} Nf6 {[%clk 1:34:11]} 2. Nf3 {[%clk 1:39:40]} g6
{[%clk 1:34:28]} 3. e3 {[%clk 1:40:02]} Bg7 {[%clk 1:34:41]} 4. Bd3
{[%clk 1:40:24]} O-O {[%clk 1:34:26]} 5. e4 {[%clk 1:39:18]} d6 {[%clk 1:32:28]}
6. h3 {[%clk 1:38:30]} e5 {[%clk 1:21:49]} 7. dxe5 {[%clk 1:32:31]} dxe5
{[%clk 1:21:41]} 8. O-O {[%clk 1:32:41]} Nbd7 {[%clk 1:19:53]} 9. Be3
{[%clk 1:30:49]} c6 {[%clk 1:16:50]} 10. Nbd2 {[%clk 1:28:51]} Qc7
{[%clk 1:15:45]} 11. Nh4 {[%clk 1:18:20]} Re8 {[%clk 1:14:10]} 12. Qe2
{[%clk 1:11:43]} Nh5 {[%clk 1:06:05]} 13. g3 {[%clk 0:59:02]} Nf4
{[%clk 1:02:30]} 14. gxf4 {[%clk 0:45:53]} exf4 {[%clk 1:01:24]} 15. Rab1
{[%clk 0:45:00]} fxe3 {[%clk 0:58:37]} 16. Qxe3 {[%clk 0:44:56]} b5
{[%clk 0:52:11]} 17. Ng2 {[%clk 0:39:30]} Qb6 {[%clk 0:48:39]} 18. Qg3
{[%clk 0:27:57]} Bb7 {[%clk 0:43:18]} 19. Kh1 {[%clk 0:23:43]} c5
{[%clk 0:40:49]} 20. c4 {[%clk 0:19:55]} Ne5 {[%clk 0:39:40]} 21. f4
{[%clk 0:17:57]} Nxd3 {[%clk 0:39:01]} 22. Qxd3 {[%clk 0:18:21]} Rad8
{[%clk 0:39:05]} 23. Qc2 {[%clk 0:16:52]} bxc4 {[%clk 0:37:00]} 24. e5
{[%clk 0:16:44]} Qe6 {[%clk 0:35:47]} 25. Nxc4 {[%clk 0:16:38]} Qxh3+
{[%clk 0:35:29]} 26. Kg1 {[%clk 0:17:03]} Rd4 {[%clk 0:34:06]} 27. Nce3
{[%clk 0:14:31]} Be4 {[%clk 0:32:28]} 28. Qxc5 {[%clk 0:14:07]} Rd2
{[%clk 0:32:50]} 0-1

[Event "Hastings Masters"]
[Site "Hastings, England"]
[Date "2014.12.31"
[Round "3.23"]
[White "Olsarova, Tereza"]
[WhiteElo "2302"]
[Black "Roggensack, Hans Peter"]
[BlackElo "2010"]
[Result "1-0"]

1. e4 {[%clk 1:40:45]} e5 {[%clk 1:40:34]} 2. Nf3 {[%clk 1:40:53]} Nc6
{[%clk 1:40:36]} 3. Bb5 {[%clk 1:40:06]} Nf6 {[%clk 1:40:48]} 4. d3
{[%clk 1:40:07]} Bc5 {[%clk 1:40:13]} 5. O-O {[%clk 1:39:22]} Nd4
{[%clk 1:40:18]} 6. Nxd4 {[%clk 1:37:32]} Bxd4 {[%clk 1:40:44]} 7. c3
{[%clk 1:36:12]} Bb6 {[%clk 1:41:03]} 8. d4 {[%clk 1:27:23]} O-O {[%clk 1:38:23]}
9. dxe5 {[%clk 1:17:24]} Nxe4 {[%clk 1:38:24]} 10. Bf4 {[%clk 1:11:49]} d5
{[%clk 1:37:30]} 11. exd6 {[%clk 1:11:57]} Nxd6 {[%clk 1:37:28]} 12. Bd3 Qf6
{[%clk 1:31:37]} 13. Qf3 {[%clk 1:05:45]} Bd7 {[%clk 1:31:36]} 14. Nd2
{[%clk 1:03:26]} Bc6 {[%clk 1:19:47]} 15. Qg4 {[%clk 1:03:26]} Rfe8
{[%clk 1:13:18]} 16. Rae1 {[%clk 0:57:22]} Rxe1 {[%clk 1:04:37]} 17. Rxe1
{[%clk 0:57:48]} Re8 {[%clk 1:04:49]} 18. Rxe8+ {[%clk 0:57:56]} Nxe8
{[%clk 1:05:16]} 19. Nc4 {[%clk 0:51:16]} Qd8 20. Ne5 {[%clk 0:45:57]} Bd5
{[%clk 0:57:41]} 21. Qh3 {[%clk 0:37:35]} g6 {[%clk 0:52:07]} 22. Ng4
{[%clk 0:35:48]} Be6 {[%clk 0:49:09]} 23. Nh6+ Kg7 {[%clk 0:44:41]} 24. Qg3
{[%clk 0:33:21]} Bc5 {[%clk 0:41:34]} 25. h3 Bd6 {[%clk 0:41:06]} 26. Bxd6
{[%clk 0:23:31]} Qxd6 {[%clk 0:41:24]} 27. Qe3 {[%clk 0:21:16]} Nf6
{[%clk 0:37:01]} 28. c4 {[%clk 0:17:57]} c5 {[%clk 0:22:14]} 29. Be2
{[%clk 0:17:32]} b6 {[%clk 0:21:10]} 30. Ng4 Nxg4 {[%clk 4:12:03]} 31. hxg4
{[%clk 0:17:55]} h6 {[%clk 0:20:20]} 32. f3 {[%clk 0:16:07]} Qe7 {[%clk 0:10:39]}
33. a3 {[%clk 0:13:23]} a5 34. Qe5+ {[%clk 0:08:17]} Qf6 {[%clk 0:10:44]} 35.
Qxf6+ {[%clk 0:08:19]} Kxf6 {[%clk 0:11:10]} 36. Kf2 {[%clk 0:09:03]} Ke5
{[%clk 0:09:05]} 37. Ke3 {[%clk 0:05:58]} g5 {[%clk 0:08:05]} 38. Bd3 f5 39. gxf5
{[%clk 0:05:37]} Bxf5 {[%clk 0:08:23]} 40. Bxf5 {[%clk 0:02:53]} Kxf5
{[%clk 0:08:40]} 41. g4+ {[%clk 0:02:10]} Ke5 42. a4 {[%clk 0:02:30]} Kf6
{[%clk 0:03:02]} 43. Ke4 {[%clk 0:44:50]} Kg6 {[%clk 0:53:16]} 44. Kd5
{[%clk 0:41:56]} h5 45. gxh5+ {[%clk 0:41:57]} Kxh5 {[%clk 0:48:18]} 46. Kc6
{[%clk 0:42:20]} Kh4 {[%clk 0:48:34]} 47. Kxb6 Kg3 {[%clk 0:48:54]} 48. Kxa5
{[%clk 0:42:36]} Kxf3 49. Kb5 {[%clk 0:42:45]} g4 {[%clk 0:48:41]} 50. a5
{[%clk 0:43:07]} g3 {[%clk 0:49:08]} 51. a6 {[%clk 0:43:33]} g2 {[%clk 0:49:09]}
52. a7 {[%clk 0:43:58]} g1=Q {[%clk 0:49:24]} 53. a8=Q+ {[%clk 0:44:20]} Ke2
{[%clk 0:49:07]} 54. Qe4+ {[%clk 0:43:42]} Kd2 {[%clk 0:45:55]} 55. Qd5+ Kc2
{[%clk 0:45:55]} 56. Qxc5 {[%clk 0:43:14]} Qh2 {[%clk 0:45:58]} 57. b4
{[%clk 0:41:52]} Qb8+ {[%clk 0:44:55]} 58. Qb6 {[%clk 0:39:08]} Qe8+
{[%clk 0:44:00]} 59. Qc6 {[%clk 0:32:52]} Qb8+ {[%clk 0:38:00]} 60. Kc5
{[%clk 0:26:57]} Qf8+ {[%clk 0:32:00]} 61. Qd6 {[%clk 0:26:57]} Qf2+ 62. Kb5
{[%clk 0:25:44]} Kb3 {[%clk 0:32:08]} 63. Qd3+ {[%clk 0:25:34]} Kb2
{[%clk 0:31:53]} 64. c5 {[%clk 0:25:47]} Qf8 {[%clk 0:31:41]} 65. Qd6
{[%clk 0:24:57]} Qf1+ {[%clk 0:31:04]} 66. Kb6 {[%clk 0:25:09]} Qc4
{[%clk 0:30:57]} 67. c6 {[%clk 0:24:57]} Kb3 {[%clk 0:30:25]} 68. c7
{[%clk 0:24:39]} 1-0

[Event "Hastings Masters"]
[Site "Hastings, England"]
[Date "2014.12.31"
[Round "3.24"]
[White "Sikkel, Dirk"]
[WhiteElo "2010"]
[Black "Constantinou, Peter"]
[BlackElo "2276"]
[Result "0-1"]

1. e4 {[%clk 1:40:51]} c6 {[%clk 1:40:47]} 2. d4 {[%clk 1:41:09]} d5
{[%clk 1:41:03]} 3. exd5 {[%clk 1:41:16]} cxd5 {[%clk 1:41:21]} 4. Bd3
{[%clk 1:41:28]} Nc6 {[%clk 1:41:13]} 5. c3 {[%clk 1:41:45]} Qc7 {[%clk 1:41:20]}
6. Ne2 {[%clk 1:41:19]} Bg4 {[%clk 1:40:39]} 7. f3 {[%clk 1:40:01]} Bd7
{[%clk 1:39:56]} 8. Bf4 {[%clk 1:39:19]} e5 {[%clk 1:39:12]} 9. dxe5
{[%clk 1:39:20]} Nxe5 {[%clk 1:39:25]} 10. O-O {[%clk 1:37:24]} Bd6
{[%clk 1:39:15]} 11. Nd4 {[%clk 1:34:36]} Ne7 {[%clk 1:38:23]} 12. Na3
{[%clk 1:29:51]} a6 {[%clk 1:37:46]} 13. Nac2 {[%clk 1:26:01]} O-O
{[%clk 1:35:47]} 14. Kh1 {[%clk 1:15:55]} Rfe8 {[%clk 1:24:26]} 15. Ne3
{[%clk 1:06:00]} Rad8 {[%clk 1:08:08]} 16. Qc2 {[%clk 1:04:25]} h6
{[%clk 1:06:34]} 17. Rad1 {[%clk 0:57:15]} b5 {[%clk 1:02:53]} 18. Ndf5
{[%clk 0:53:06]} Bxf5 {[%clk 0:59:52]} 19. Bxf5 {[%clk 0:47:58]} Nc4
{[%clk 0:57:50]} 20. Bxd6 {[%clk 0:42:27]} Rxd6 {[%clk 0:56:43]} 21. Nxc4
{[%clk 0:41:42]} dxc4 {[%clk 0:54:24]} 22. Rxd6 {[%clk 0:27:50]} Qxd6
{[%clk 0:54:38]} 23. Be4 {[%clk 0:27:56]} Rd8 {[%clk 0:53:42]} 24. g4
{[%clk 0:27:50]} Nc8 {[%clk 0:31:07]} 25. Kg2 {[%clk 0:21:09]} Nb6
{[%clk 0:30:56]} 26. Rf2 {[%clk 0:19:22]} g5 27. Qe2 {[%clk 0:17:06]} Na4
{[%clk 0:23:52]} 28. Bb1 {[%clk 0:13:15]} Nc5 {[%clk 0:24:00]} 29. Qe3
{[%clk 0:12:59]} Ne6 30. Kg1 {[%clk 0:06:49]} Nf4 {[%clk 0:22:06]} 31. Rf1
{[%clk 0:06:35]} Qd2 {[%clk 0:21:11]} 32. Qxd2 {[%clk 0:06:41]} Rxd2
{[%clk 0:21:34]} 33. b3 {[%clk 0:06:31]} Ne2+ {[%clk 0:21:48]} 34. Kh1
{[%clk 0:06:50]} Nxc3 {[%clk 0:21:48]} 35. bxc4 {[%clk 0:07:12]} bxc4
{[%clk 0:21:32]} 36. a3 {[%clk 0:07:30]} Nxb1 {[%clk 0:19:42]} 37. Rxb1
{[%clk 0:07:52]} c3 {[%clk 0:19:59]} 0-1

[Event "Hastings Masters"]
[Site "Hastings, England"]
[Date "2014.12.31"
[Round "3.25"]
[White "Webb, Laurence E"]
[WhiteElo "2272"]
[Black "Fryer, David W"]
[BlackElo "2004"]
[Result "1-0"]

1. e4 {[%clk 1:40:56]} d6 {[%clk 1:40:50]} 2. d4 {[%clk 1:41:14]} Nf6
{[%clk 1:41:08]} 3. Nc3 {[%clk 1:41:26]} e5 {[%clk 1:41:29]} 4. Nf3
{[%clk 1:41:30]} Nbd7 {[%clk 1:41:44]} 5. Bc4 {[%clk 1:41:50]} Be7
{[%clk 1:41:59]} 6. O-O {[%clk 1:41:31]} c6 {[%clk 1:42:16]} 7. a4
{[%clk 1:41:49]} h6 {[%clk 1:42:15]} 8. Re1 {[%clk 1:37:53]} Qc7 {[%clk 1:42:18]}
9. b3 {[%clk 1:36:08]} g5 {[%clk 1:39:49]} 10. Ba3 {[%clk 1:32:30]} Nf8
{[%clk 1:38:50]} 11. d5 {[%clk 1:29:10]} Ng6 {[%clk 1:32:31]} 12. Nd2
{[%clk 1:28:15]} Nf4 {[%clk 1:27:25]} 13. Nf1 {[%clk 1:27:48]} Rg8
{[%clk 1:19:20]} 14. Ne3 {[%clk 1:25:45]} a6 {[%clk 1:01:45]} 15. b4
{[%clk 1:18:39]} b5 {[%clk 0:57:25]} 16. Bb3 {[%clk 1:12:11]} Bd7
{[%clk 0:53:19]} 17. dxc6 {[%clk 1:10:24]} Bxc6 {[%clk 0:53:17]} 18. Ncd5
{[%clk 1:08:57]} N6xd5 {[%clk 0:48:59]} 19. Nxd5 {[%clk 1:05:33]} Nxd5
{[%clk 0:48:48]} 20. Bxd5 {[%clk 1:05:22]} Rc8 {[%clk 0:47:57]} 21. axb5
{[%clk 1:00:33]} axb5 {[%clk 0:46:47]} 22. c4 {[%clk 1:00:10]} Bxd5
{[%clk 0:42:16]} 23. cxd5 {[%clk 1:00:26]} Qd7 {[%clk 0:40:25]} 24. Bc1
{[%clk 0:59:00]} Rg6 {[%clk 0:39:31]} 25. Be3 {[%clk 0:58:40]} Kf8
{[%clk 0:37:58]} 26. Ra7 {[%clk 0:57:58]} Rc7 {[%clk 0:37:03]} 27. Rxc7
{[%clk 0:58:00]} Qxc7 {[%clk 0:37:23]} 28. Qd3 {[%clk 0:58:16]} Qb7
{[%clk 0:34:56]} 29. Ra1 {[%clk 0:56:31]} Bd8 {[%clk 0:33:36]} 30. Qc3
{[%clk 0:52:50]} Kg7 {[%clk 0:14:27]} 31. Ra7 {[%clk 0:51:44]} Qb8
{[%clk 0:14:17]} 32. Qc6 {[%clk 0:51:52]} 1-0

[Event "Hastings Masters"]
[Site "Hastings, England"]
[Date "2014.12.31"
[Round "3.26"]
[White "Spanton, Tim R"]
[WhiteElo "2002"]
[Black "Prosviriakov, Vladimir"]
[BlackElo "2271"]
[Result "0-1"]

1. d4 {[%clk 1:40:57]} d6 {[%clk 1:40:20]} 2. Nc3 {[%clk 1:40:59]} g6
{[%clk 1:40:26]} 3. e4 {[%clk 1:41:11]} Bg7 {[%clk 1:40:47]} 4. Nf3
{[%clk 1:41:27]} a6 5. a4 {[%clk 5:02:15]} b6 {[%clk 1:40:16]} 6. Bc4
{[%clk 1:40:22]} e6 {[%clk 1:39:57]} 7. Bg5 {[%clk 1:40:12]} Ne7 {[%clk 1:40:10]}
8. Qd2 {[%clk 1:40:02]} h6 {[%clk 1:40:18]} 9. Be3 {[%clk 1:39:55]} Nd7
{[%clk 1:39:06]} 10. O-O {[%clk 1:39:23]} Bb7 {[%clk 1:39:20]} 11. Rfe1
{[%clk 1:39:04]} g5 {[%clk 1:39:11]} 12. Qe2 {[%clk 1:31:07]} Ng6
{[%clk 1:38:34]} 13. Rad1 {[%clk 1:29:50]} Qe7 {[%clk 1:32:55]} 14. Nd2
{[%clk 1:21:28]} O-O {[%clk 1:30:27]} 15. Nf1 {[%clk 1:20:30]} Nf4
{[%clk 1:27:45]} 16. Bxf4 {[%clk 1:17:54]} gxf4 {[%clk 1:20:11]} 17. Qg4
{[%clk 1:15:56]} Qg5 {[%clk 1:18:32]} 18. h3 {[%clk 1:11:30]} Rad8
{[%clk 1:12:26]} 19. Nh2 {[%clk 1:05:32]} c5 20. Qxg5 hxg5 {[%clk 1:01:05]} 21.
Nf3 {[%clk 1:05:08]} cxd4 {[%clk 1:00:28]} 22. Nxd4 {[%clk 0:59:33]} Rc8
{[%clk 0:55:16]} 23. Ba2 {[%clk 0:56:57]} Ne5 24. Nxe6 fxe6 {[%clk 0:51:18]} 25.
Bxe6+ {[%clk 0:57:21]} Nf7 {[%clk 0:51:31]} 26. Bxc8 {[%clk 0:57:24]} Rxc8
{[%clk 0:51:53]} 27. Rd3 {[%clk 0:51:43]} Rc4 {[%clk 0:48:48]} 28. f3
{[%clk 0:48:30]} Rb4 29. b3 Bd4+ {[%clk 0:48:56]} 30. Kf1 {[%clk 0:45:00]} Ne5
{[%clk 0:48:46]} 31. Rxd4 {[%clk 0:44:56]} Rxd4 {[%clk 0:49:07]} 32. Rd1
{[%clk 0:45:16]} Rxd1+ {[%clk 0:48:38]} 33. Nxd1 {[%clk 0:45:41]} Kf7
{[%clk 0:46:34]} 34. Ke2 {[%clk 0:45:18]} Ke6 {[%clk 0:46:52]} 35. Kd2
{[%clk 0:45:21]} Bc6 {[%clk 0:45:01]} 36. c4 {[%clk 0:44:24]} Ng6
{[%clk 0:44:29]} 37. Ke2 {[%clk 0:43:33]} Ke5 {[%clk 0:44:15]} 38. Nf2
{[%clk 0:40:46]} Kd4 {[%clk 0:42:26]} 39. Nd1 {[%clk 0:40:26]} Nh4
{[%clk 0:41:01]} 40. Kf2 {[%clk 0:40:43]} Kd3 {[%clk 0:41:16]} 41. g3
{[%clk 0:40:55]} Ng6 {[%clk 0:41:35]} 42. gxf4 {[%clk 0:40:46]} gxf4
{[%clk 0:41:56]} 0-1

[Event "Hastings Masters"]
[Site "Hastings, England"]
[Date "2014.12.31"
[Round "3.27"]
[White "Eames, Robert S"]
[WhiteElo "2237"]
[Black "Pickersgill, Adrian O"]
[BlackElo "1994"]
[Result "1-0"]

1. e4 {[%clk 1:39:43]} d6 {[%clk 1:40:53]} 2. d4 {[%clk 1:40:04]} Nf6
{[%clk 1:41:16]} 3. Nc3 {[%clk 1:40:29]} c6 {[%clk 1:41:40]} 4. f4
{[%clk 1:40:38]} Qa5 {[%clk 1:41:53]} 5. Bd2 {[%clk 1:40:48]} e5 {[%clk 1:37:32]}
6. fxe5 {[%clk 1:38:41]} dxe5 {[%clk 1:37:45]} 7. Nd5 {[%clk 1:38:57]} Qd8
{[%clk 1:37:52]} 8. Nxf6+ {[%clk 1:39:16]} Qxf6 {[%clk 1:37:53]} 9. Nf3
{[%clk 1:38:36]} exd4 {[%clk 1:35:34]} 10. Bc4 {[%clk 1:37:16]} Bc5
{[%clk 1:30:53]} 11. O-O {[%clk 1:35:39]} Bg4 {[%clk 1:25:33]} 12. h3
{[%clk 1:32:13]} Bh5 {[%clk 1:25:15]} 13. g4 {[%clk 1:31:44]} Bg6
{[%clk 1:24:43]} 14. Ng5 {[%clk 1:27:22]} Qe5 {[%clk 1:12:36]} 15. Qf3
{[%clk 1:22:48]} f6 {[%clk 1:07:44]} 16. Bf4 {[%clk 1:18:43]} Qe7
{[%clk 1:05:20]} 17. Ne6 {[%clk 1:18:39]} Bb6 {[%clk 1:04:23]} 18. Qg3
{[%clk 1:14:13]} Na6 {[%clk 1:02:54]} 19. Bd6 {[%clk 1:12:40]} Qd7
{[%clk 1:01:52]} 20. e5 {[%clk 1:12:12]} Nc7 {[%clk 0:56:12]} 21. exf6
{[%clk 1:08:24]} Nxe6 {[%clk 0:55:35]} 22. Bxe6 {[%clk 1:07:33]} Qxe6
{[%clk 0:52:53]} 23. Rae1 {[%clk 1:07:52]} Be4 {[%clk 0:52:10]} 24. Rxe4
{[%clk 1:07:48]} Qxe4 {[%clk 0:52:06]} 25. Re1 {[%clk 1:08:02]} 1-0

[Event "Hastings Masters"]
[Site "Hastings, England"]
[Date "2014.12.31"
[Round "3.28"]
[White "Niccoli, Tony"]
[WhiteElo "1996"]
[Black "Brustkern, Juergen"]
[BlackElo "2236"]
[Result "1/2-1/2"]

1. e4 {[%clk 1:40:58]} d5 {[%clk 1:36:46]} 2. exd5 {[%clk 1:39:59]} Qxd5
{[%clk 1:37:10]} 3. Nc3 {[%clk 1:40:24]} Qd6 {[%clk 1:37:35]} 4. d4
{[%clk 1:39:21]} Nf6 {[%clk 1:37:58]} 5. g3 {[%clk 1:39:10]} Bg4 {[%clk 1:37:40]}
6. Nge2 {[%clk 1:34:29]} Bf3 {[%clk 1:34:28]} 7. Rg1 {[%clk 1:31:22]} Nc6
{[%clk 1:34:52]} 8. Qd3 {[%clk 1:10:37]} Bh5 {[%clk 1:34:41]} 9. Bf4
{[%clk 0:55:29]} Qd7 {[%clk 1:34:40]} 10. O-O-O {[%clk 0:52:35]} e6
{[%clk 1:32:20]} 11. Bg2 {[%clk 0:42:54]} Nb4 {[%clk 1:30:48]} 12. Qc4
{[%clk 0:39:10]} c6 {[%clk 1:30:28]} 13. a3 {[%clk 0:32:18]} Nbd5
{[%clk 1:25:18]} 14. f3 {[%clk 0:28:02]} b5 {[%clk 1:22:45]} 15. Qb3
{[%clk 0:27:08]} Be7 {[%clk 1:17:48]} 16. g4 {[%clk 0:23:19]} Bg6
{[%clk 1:15:18]} 17. h4 {[%clk 0:20:28]} h5 {[%clk 1:13:38]} 18. g5
{[%clk 0:20:32]} Nxc3 {[%clk 1:13:58]} 19. Nxc3 {[%clk 0:20:12]} Nd5
{[%clk 1:14:14]} 20. Nxd5 {[%clk 0:19:45]} cxd5 {[%clk 1:13:46]} 21. Bf1
{[%clk 0:19:02]} a6 {[%clk 1:13:47]} 22. Bd3 {[%clk 0:18:36]} Bxd3
{[%clk 1:12:57]} 23. Rxd3 {[%clk 0:18:14]} O-O {[%clk 1:04:43]} 24. Bd2
{[%clk 0:16:29]} a5 {[%clk 1:04:39]} 25. f4 {[%clk 0:14:57]} a4 {[%clk 1:03:07]}
26. Qa2 {[%clk 0:15:13]} g6 {[%clk 1:02:47]} 27. c3 {[%clk 0:14:49]} Rfc8
{[%clk 1:02:22]} 28. Kd1 {[%clk 0:12:17]} Rc4 {[%clk 0:58:18]} 29. Ke2
{[%clk 0:10:10]} Bd6 {[%clk 0:57:35]} 30. Rf3 {[%clk 0:09:42]} Rac8
{[%clk 0:52:39]} 31. Qb1 {[%clk 0:08:53]} R8c6 {[%clk 0:52:46]} 32. Qd3
{[%clk 0:08:53]} Qa7 {[%clk 0:52:42]} 33. Ra1 {[%clk 0:08:55]} Ra6
{[%clk 0:51:56]} 34. Ra2 {[%clk 0:06:13]} Qd7 {[%clk 0:47:45]} 35. Ra1
{[%clk 0:06:04]} Rc8 {[%clk 0:45:05]} 36. Rg3 Qc6 {[%clk 0:44:38]} 37. Rf3
{[%clk 0:05:25]} Qc4 {[%clk 0:44:47]} 38. Qxc4 {[%clk 0:04:02]} bxc4
{[%clk 0:44:48]} 39. Rc1 {[%clk 0:04:17]} Rb8 {[%clk 0:44:59]} 40. Rc2
{[%clk 0:04:42]} Rab6 {[%clk 0:44:59]} 41. Bc1 {[%clk 0:05:02]} Rb3
{[%clk 0:44:07]} 42. Kf2 {[%clk 0:02:45]} Kf8 {[%clk 0:40:38]} 43. Re2
{[%clk 0:47:59]} R8b7 {[%clk 1:29:02]} 44. Kg3 {[%clk 0:43:16]} Ke7
{[%clk 1:28:09]} 45. Kh3 {[%clk 0:42:51]} Kd7 {[%clk 1:28:13]} 46. Kg2
{[%clk 0:41:42]} Kc6 {[%clk 1:28:15]} 47. Kf2 {[%clk 0:41:44]} Bc7
{[%clk 1:27:22]} 48. Ke1 {[%clk 0:40:28]} Bb6 {[%clk 1:24:13]} 49. Rfe3
{[%clk 0:40:29]} Ba7 {[%clk 1:23:49]} 50. Kf2 {[%clk 0:39:46]} Kd7
{[%clk 1:23:58]} 51. Ke1 {[%clk 0:39:23]} Bb8 {[%clk 1:24:19]} 52. Rf3
{[%clk 0:39:12]} Bd6 {[%clk 1:24:10]} 1/2-1/2

[Event "Hastings Masters"]
[Site "Hastings, England"]
[Date "2014.12.31"
[Round "3.29"]
[White "Ternault, Mathieu"]
[WhiteElo "2225"]
[Black "Da Ces, Philippe"]
[BlackElo "1978"]
[Result "1-0"]

1. d4 d5 2. c4 c6 3. Nf3 Nf6 4. Nc3 dxc4 5. a4 Bf5 6. Nh4 Bc8 7. e3 e5 8. Bxc4
exd4 9. exd4 Be7 10. O-O O-O 11. Re1 Na6 12. Bg5 Nb4 13. Qe2 h6 14. Qxe7 Qxe7
15. Rxe7 hxg5 16. Nf3 g4 17. Ne5 Nbd5 18. Nxd5 cxd5 19. Bb3 Be6 20. a5 Rab8 21.
Rc1 Rfc8 22. Rxc8+ Rxc8 23. Kf1 Rc1+ 24. Ke2 Rb1 25. Rxb7 Rxb2+ 26. Ke3 Bf5 27.
Rb8+ Kh7 28. Nxf7 Bc2 29. Bxc2+ Rxc2 30. Rb7 g5 31. Ne5+ Kh6 32. Rxa7 Rc3+ 33.
Nd3 Ne4 34. Rd7 Nf6 35. Rd6 Kg6 36. a6 Ra3 37. Rb6 1-0

[Event "Hastings Masters"]
[Site "Hastings, England"]
[Date "2014.12.31"]
[Round "3.30"]
[White "Boardman, Jeffrey"]
[Black "Marusenko, Petr"]
[Result "0-1"]
[WhiteElo "1999"]
[BlackElo "2194"]

1. e4 c6 2. d4 d5 3. Nc3 dxe4 4. Nxe4 Nf6 5. Nxf6+ exf6 6. c3 Bd6 7. Nf3 O-O 8.
Be2 Nd7 9. O-O Re8 10. Re1 Nf8 11. Bd2 Be6 12. c4 Qc7 13. Qc2 Rad8 14. a4 g5
15. g3 Ng6 16. Bd3 g4 17. d5 cxd5 18. Nd4 Ne5 19. Bxh7+ Kg7 20. Nxe6+ Rxe6 21.
Kg2 Qxc4 22. Be3 d4 23. Bf4 Qxc2 24. Bxc2 Nf3 25. Rxe6 fxe6 26. Bxd6 Rxd6 27.
Be4 Ne5 28. Bxb7 a5 29. b3 d3 30. Rd1 {scoresheet illegible} 0-1

[Event "Hastings Masters"]
[Site "Hastings, England"]
[Date "2014.12.31"
[Round "3.31"]
[White "Rolvag, Mikael"]
[WhiteElo "2191"]
[Black "Young, Mel J"]
[BlackElo "1939"]
[Result "1-0"]

1. c4 b6 2. d4 Bb7 3. Nf3 e6 4. a3 f5 5. Nc3 Nf6 6. d5 Be7 7. g3 O-O 8. Bg2
exd5 9. cxd5 a5 10. O-O Na6 11. Nd4 Ne4 12. Nxe4 fxe4 13. Bxe4 Nc5 14. Bg2 Bf6
15. Rb1 Qe8 16. Nb5 Rc8 17. b4 axb4 18. axb4 Ne4 19. Qd3 Nd6 20. Nxd6 cxd6 21.
Be3 1-0

[Event "Hastings Masters"]
[Site "Hastings, England"]
[Date "2014.12.31"
[Round "3.32"]
[White "Shepley, Julien M"]
[WhiteElo "1942"]
[Black "Talsma, Paul"]
[BlackElo "2186"]
[Result "0-1"]

1. e4 e5 2. d4 exd4 3. Qxd4 Nc6 4. Qa4 g6 5. Nc3 Bg7 6. Nd5 Nce7 7. Bd3 Nxd5 8.
exd5 Nf6 9. d6 O-O 10. dxc7 Qxc7 11. Ne2 Qc6 12. Qh4 Qxg2 13. Rg1 Qd5 14. Bh6
Qh5 15. Qxh5 Nxh5 16. Bxg7 Nxg7 17. O-O-O d5 18. Nc3 Be6 19. Be2 Rad8 20. Bf3
d4 21. Nb5 Nf5 22. Nxa7 Ra8 23. Nb5 Rxa2 24. Be4 Rd8 25. Kb1 Ra5 26. Na3 Rd7
27. Rd3 b5 28. Bc6 Rc7 29. Bxb5 Nd6 30. Rg5 Bf5 31. b4 Rxa3 32. Rxa3 Nxb5 33.
Ra5 Bxc2+ 34. Kb2 d3 35. Rc5 Rd7 36. Rxc2 d2 37. Rxd2 Rxd2+ 38. Kb3 Nd6 39.
Ra8+ Kg7 40. Rd8 Kf6 41. b5 Ke7 42. Rh8 Nxb5 43. Rxh7 Rxf2 44. Kc4 Nd6+ 45. Kd3
Rf5 46. Rh3 Kf6 47. Ke2 Ne4 48. Ke3 Ke5 49. Rh4 Nf6 50. Ra4 Nd5+ 0-1

[Event "Hastings Masters"]
[Site "Hastings, England"]
[Date "2014.12.31"
[Round "3.33"]
[White "Flear, Christine"]
[WhiteElo "2181"]
[Black "Fleming, Andrew S J"]
[BlackElo "1928"]
[Result "1-0"]

1. d4 e6 2. c4 Nf6 3. g3 d5 4. Bg2 Be7 5. Nf3 O-O 6. O-O Nbd7 7. Qc2 c5 8. cxd5
Nxd5 9. a3 Qc7 10. e4 cxd4 11. Qxc7 Nxc7 12. Nxd4 Bf6 13. Be3 Ne5 14. Nd2 Ng4
15. Rac1 Nxe3 16. fxe3 e5 17. N4f3 Ne6 18. Nc4 Ng5 19. Nfd2 Bd7 20. h4 Ne6 21.
Nf3 Bb5 22. Rfe1 Rac8 23. Ncxe5 Nc5 24. Bh3 Ne6 25. b3 Rxc1 26. Rxc1 Rd8 27.
Bxe6 fxe6 28. Rc7 Ba6 29. Nd7 Bb2 30. Nd4 Re8 31. Nc5 Bc1 32. Ndxe6 Bxe3+ 33.
Kg2 Bh6 34. Nd4 Be3 35. Nde6 Bh6 36. Nf4 Rf8 37. Nce6 Re8 38. Kf3 g6 39. Nc5
Bf8 40. Nxa6 bxa6 41. Rxa7 Rc8 42. Nd5 Rc6 43. b4 h6 44. e5 Kh8 45. Nf6 1-0